000
00225nam a22000857a 4500
008
160922b xxu||||| |||| 00| 0 eng d
100
_9
706
_a
Prakash.S.etal.
245
_a
Social Science-X
260
_a
New Delhi
_b
AP Publications
_c
2009
999
_c
3363
_d
3363